00779nam a2200241Ia 4500001000600000003000900006008004100015040001300056040001300069041001300082100002000095100002900115245007000144245010000214250001100314260001900325260001500344260004900359300005700408500002600465650001500491650003100506A8263IT-RoPAU130308s9999 xx 000 0 und d aIT-RoPAU cIT-RoPAU aITALIANO aCarideo Armando gCodice Aut. SPICS: 36422 aLezionario del tempo di avvento (Il)-Nell'attesa della tua venuta bMessale romano del Vaticano Ii (Il)-1-La celebrazione del mistero di Cristo nell'Anno Liturgico a1a ed. aTORINO/LEUMANN bElle Di Ci c1984 [1° Ed.:1984 - Ed.Ling.Originale:1984] a"32 p. (prefazione: no ; testo: 32 [pagine: 39-70])" aStruttura e Teologia. aEUCARISTIA eCodice materia Spics: 9153